| 000 | 00805cam a22002657a 4500 | ||
|---|---|---|---|
| 001 | 001287 | ||
| 003 | armpunfd | ||
| 005 | 20140612090636.0 | ||
| 008 | 030918e0####xx#a##########000#0#und#d | ||
| 040 |
_aarmpunfd _carmpunfd |
||
| 080 | _a343.83 (821.2) | ||
| 100 | 1 | 0 | _a Coppari, Fernando |
| 245 | 1 | 0 | _aPersonal del servicio penitenciario bonaerense |
| 260 |
_a Uarez : Mar Del Plata _b2003. Isbn : 987-9494-6 |
||
| 650 | 7 |
_a Buenos Aires _2LEMB |
|
| 650 | 7 |
_a Decreto 4.701 _2LEMB |
|
| 650 | 7 |
_a Decreto Ley 342/81 _2LEMB |
|
| 650 | 7 |
_a Decreto Ley 9.578 _2LEMB |
|
| 650 | 7 |
_a Ley 12.796 _2LEMB |
|
| 650 | 7 |
_a Personal Del Servicio Penitenciario _2LEMB |
|
| 650 | 7 |
_a Servicio Penitenciario _2LEMB |
|
| 942 |
_cLB _2cdu |
||
| 945 |
_aCatalis _d2010-08-19 |
||
| 945 |
_aCatalis _d2010-08-19 |
||
| 999 |
_c1278 _d231782 |
||